Vplyv judaizmu na súčasný vývoj Izraela bakalárska práca

Guardado en:
Detalles Bibliográficos
Autor principal: Paštrnáková, Mária
Autor Corporativo: Fakulta medzinárodných vzťahov EU. Katedra medzinárodných ekonomických vzťahov a hospodárskej diplomacie
Otros Autores: Szikorová, Nóra
Formato: Libro
Lenguaje:eslovaco
Publicado: Bratislava 2012
Etiquetas: Agregar Etiqueta
Sin Etiquetas, Sea el primero en etiquetar este registro!

MARC

LEADER 00000nbm a2200000 4500
001 0153597
005 20161109111755.7
041 0 |a slo 
044 |a SK 
245 1 0 |a Vplyv judaizmu na súčasný vývoj Izraela  |b bakalárska práca  |c Mária Paštrnáková ; školiteľ: Nóra Szikorová 
264 1 |a Bratislava  |c 2012 
300 |a 63 s. 
100 1 |a Paštrnáková, Mária 
700 1 |a Szikorová, Nóra 
710 2 |a Fakulta medzinárodných vzťahov EU. Katedra medzinárodných ekonomických vzťahov a hospodárskej diplomacie